Ron Howard Filmography - Statistics

General Stats
  • This quiz has been taken 71 times
    19 since last reset
  • The average score is 86 of 273
Answer Stats
Type Year Name % Correct
Film Director 2001 A Beautiful Mind
73%
Film Production 2001 A Beautiful Mind
73%
Film Cameo 2001 A Beautiful Mind
73%
Film Director 1995 Apollo 13
73%
TV Show Acting Role 1974-1984 Happy Days
73%
Film Starring Role 1973 American Graffiti
55%
Film Director 2009 Angels & Demons
55%
Film Production 2009 Angels & Demons
55%
TV Show Acting Role 2003-2006, 2013, 2018-2019 Arrested Development
55%
Film Director 2008 Frost/Nixon
55%
Film Production 2008 Frost/Nixon
55%
Film Director 2016 Inferno
55%
Film Production 2016 Inferno
55%
Film Director 2013 Rush
55%
Film Production 2013 Rush
55%
Film Director 2018 Solo: A Star Wars Story
55%
TV Show Acting Role 1960-1968 The Andy Griffith Show
55%
Film Director 2006 The Da Vinci Code
55%
Film Production 2006 The Da Vinci Code
55%
Web Series Acting Role 2025 The Studio
55%
Film Director 1991 Backdraft
45%
Film Director 1985 Cocoon
45%
Film Director 2024 Eden
45%
Film Story 2024 Eden
45%
Film Production 2024 Eden
45%
Film Director 1999 EDtv
45%
Film Production 1999 EDtv
45%
Film Director 2000 How the Grinch Stole Christmas
45%
Film Production 2000 How the Grinch Stole Christmas
45%
Film Cameo 2000 How the Grinch Stole Christmas
45%
Film Director 2015 In the Heart of the Sea
45%
Film Production 2015 In the Heart of the Sea
45%
Documentary Director 2024 Jim Henson: Idea Man
45%
Documentary Production 2024 Jim Henson: Idea Man
45%
TV Show Acting Role 1976 Laverne & Shirley
45%
Film Starring Role 1979 More American Graffiti
45%
Film Director 1982 Night Shift
45%
Film Cameo 1982 Night Shift
45%
Web Series Acting Role 2024 Only Murders in the Building
45%
Film Director 1984 Splash
45%
Documentary Director 2016 The Beatles: Eight Days a Week - The Touring Years
45%
Documentary Production 2016 The Beatles: Eight Days a Week - The Touring Years
45%
Film Director 2011 The Dilemma
45%
Film Production 2011 The Dilemma
45%
Film Director 1994 The Paper
45%
TV Show Acting Role 1972 Bonanza
36%
Documentary Series Production 2015-2017 Breakthrough
36%
Film Director 2005 Cinderella Man
36%
Film Production 2005 Cinderella Man
36%
Film Director 1992 Far and Away
36%
Film Story 1992 Far and Away
36%
Film Production 1992 Far and Away
36%
Film Director 1977 Grand Theft Auto
36%
Film Screenplay 1977 Grand Theft Auto
36%
Film Starring Role 1977 Grand Theft Auto
36%
Film Director 1986 Gung Ho
36%
Film Production 1986 Gung Ho
36%
TV Show Acting Role 1969 Gunsmoke
36%
TV Show Acting Role 1970 Lassie
36%
Documentary Series Production 2016-2018 Mars
36%
TV Show Acting Role 1973 M*A*S*H
36%
Film Director 1989 Parenthood
36%
Film Story 1989 Parenthood
36%
TV Show Production 1990-1991 Parenthood
36%
Documentary Production 2025 Pets
36%
Film Director 1996 Ransom
36%
TV Film Director 1980 Skyward
36%
TV Film Production 1980 Skyward
36%
Web Series Production 2021 The Lost Symbol
36%
Film Director 2003 The Missing
36%
Film Production 2003 The Missing
36%
TV Show Acting Role 1959 The Twilight Zone
36%
Film Director 2022 Thirteen Lives
36%
Film Production 2022 Thirteen Lives
36%
TV Show Acting Role 2017, 2018 This Is Us
36%
Film Production TBA Whalefall
36%
Film Director 1988 Willow
36%
Web Series Production 2022-2023 Willow
36%
TV Show Production 2020 68 Whiskey
27%
TV Show Production 1985 ABC Afterschool Specials
27%
TV Film Starring Role 1980 Act of Love
27%
Film Production 2019 Backdraft 2
27%
Documentary Production 2025 Barbara Walters: Tell Me Everything
27%
Documentary Production 1999 Beyond the Mat
27%
TV Film Starring Role 1981 Bitter Harvest
27%
Documentary Production 2023 Bono & The Edge: A Sort of Homecoming with Dave Letterman
27%
TV Show Production 2023 Bossy Bear
27%
Short Film Production 1969 Cards, Cads, Guns, Gore and Death
27%
Documentary Production 2023 Carlos
27%
TV Short Appearance 1988 Channel 99
27%
TV Show Acting Role 1960 Cheyenne
27%
Web Mini-Series Production 2023-2024 Choir
27%
Documentary Mini-Series Production 2024 Churchill at War
27%
Film Production 1988 Clean and Sober
27%
Film Production 1991 Closet Land
27%
TV Film Director 1978 Cotton Candy
27%
TV Film Screenplay 1978 Cotton Candy
27%
Film Production 2011 Cowboys & Aliens
27%
Documentary Mini-Series Production 2021 Crime Scene: The Times Square Killer
27%
Documentary Mini-Series Production 2021 Crime Scene: The Vanishing at the Cecil Hotel
27%
Film Production 2006 Curious George
27%
TV Show Production 2006-2015 Curious George
27%
Film Production TBA Curious George
27%
Film Production 2010 Curious George 2: Follow That Monkey!
27%
Film Production 2015 Curious George 3: Back to the Jungle
27%
Film Production 2021 Curious George: Cape Ahoy
27%
Film Production 2020 Curious George: Go West, Go Wild
27%
TV Show Acting Role 1969 Daniel Boone
27%
Documentary Series Production 2025 David Blaine: Do Not Attempt
27%
Short Film Production 1969 Deed of Daring-Do
27%
TV Show Acting Role 1959 Dennis the Menace
27%
Film Cameo 2016 Donald Trump's The Art of the Deal: The Movie
27%
Documentary Production 2022 Downfall: The Case Against Boeing
27%
TV Show Acting Role 1964 Dr. Kildare
27%
Documentary Production 2020 D. Wade Life Unexpected
27%
Documentary Series Production 2025 Earnhardt
27%
Film Starring Role 1976 Eat My Dust!
27%
TV Show Production 1998-2002 Felicity
27%
TV Film Starring Role 1981 Fire on the Mountain
27%
TV Show Acting Role 1959 Five Fingers
27%
Film Cameo 1961 Five Minutes to Live
27%
TV Show Acting Role 1999 Frasier
27%
Film Production 2024 Frida
27%
TV Mini-Series Production 1998 From the Earth to the Moon
27%
Film Cameo 2013 From Up on Poppy Hill
27%
Film Cameo 1956 Frontier Woman
27%
TV Show Acting Role 1959 General Electric Theater
27%
TV Show Production 2017-2024 Genius
27%
TV Show Acting Role 1967 Gentle Ben
27%
TV Show Acting Role 1966 Gomer Pyle, U.S.M.C.
27%
Film Cameo 1973 Happy Mother's Day, Love George
27%
TV Show Acting Role 1959 Hennesey
27%
Film Director 2020 Hillbilly Elegy
27%
Film Production 2020 Hillbilly Elegy
27%
TV Film Starring Role 1975 Huckleberry Finn
27%
Documentary Mini-Series Production 2024 I Am Not a Monster: The Lois Riess Murders
27%
TV Film Starring Role 1976 I'm a Fool
27%
Documentary Production 2005 Inside Deep Throat
27%
Documentary Appearance 2007 In the Shadow of the Moon
27%
TV Film Production 1985 Into Thin Air
27%
Film Production 1997 Inventing the Abbotts
27%
TV Show Acting Role 1966 I Spy
27%
TV Show Acting Role 1959 Johnny Ringo
27%
TV Show Acting Role 1969 Judd, for the Defense
27%
Documentary Production 2023 Judy Blume Forever
27%
Documentary Production 2021 Julia
27%
Documentary Production 2012 Katy Perry: Part of Me
27%
TV Show Acting Role 1968 Lancer
27%
TV Show Acting Role 1969 Land of the Giants
27%
Documentary Production 2022 Leave No Trace
27%
Film Production 1980 Leo and Loree
27%
Film Story 1980 Leo and Loree
27%
Documentary Series Production 2022-2025 Light & Magic
27%
Documentary Series Appearance 2022-2025 Light & Magic
27%
TV Film Starring Role 1974 Locusts
27%
Documentary Production 2022 Louis Armstrong's Black & Blues
27%
TV Show Acting Role 1972 Love, American Style
27%
Documentary Production 2022 Lucy and Desi
27%
Documentary Director 2013 Made in America
27%
Documentary Production 2013 Made in America
27%
Film Production 2022 Mars 2080
27%
TV Show Production 1984-1985 Maximum Security
27%
TV Show Acting Role 1968 Mayberry R.F.D.
27%
TV Film Production 1999 Mullholland Drive
27%
Documentary Series Production 2023 Murf the Surf
27%
Documentary Production 2024 Music by John Williams
27%
Film Production 1987 No Man's Land
27%
Podcast Production 2025 OBSCURUM
27%
Short Film Production 1969 Old Paint
27%
Documentary Appearance 1998 One Vision
27%
Documentary Series Production 2020 On Pointe
27%
Film Cameo 2001 Osmosis Jones
27%
Documentary Production 2021 Paper & Glue
27%
Documentary Director 2019 Pavarotti
27%
Documentary Production 2019 Pavarotti
27%
Documentary Production 2022 Personality Crisis: One Night Only
27%
TV Show Acting Role 1960 Pete and Gladys
27%
Documentary Director 2020 Rebuilding Paradise
27%
Documentary Production 2020 Rebuilding Paradise
27%
Film Production 2011 Restless
27%
TV Film Starring Role 1986 Return to Mayberry
27%
TV Show Acting Role 1962 Route 66
27%
Film Director TBA Seveneves
27%
Film Production TBA Seveneves
27%
TV Film Production 2000 Silicon Follies
27%
TV Show Production 1998-2000 Sports Night
27%
TV Film Production 1999 Student Affairs
27%
TV Film Production 1987 Take Five
27%
Documentary Appearance 2004 Tell Them Who You Are
27%
Film Production 2023 Tetris
27%
Film Production 2004 The Alamo
27%
TV Show Acting Role 1968 The Archie Show
27%
TV Show Production 2020-2021 The Astronauts
27%
Film Production 2023 The Beanie Bubble
27%
TV Show Production 2001 The Beast
27%
TV Show Acting Role 1965 The Big Valley
27%
Film Production 1989 The 'Burbs
27%
Film Production 1996 The Chamber
27%
Film Starring Role 1963 The Courtship of Eddie's Father
27%
TV Show Acting Role 1960 The Danny Thomas Show
27%
Film Production 2017 The Dark Tower
27%
Film Production 2017 The Dark Tower
27%
TV Documentary Production 2021 The Day Sports Stood Still
27%
Short Film Cameo 2011 The Death and Return of Superman
27%
Film Production 1991 The Doors
27%
TV Show Acting Role 1959 The DuPont Show with June Allyson
27%
Documentary Mini-Series Production 2024 The Dynasty: New England Patriots
27%
TV Show Acting Role 1963 The Eleventh Hour
27%
Film Cameo 1976 The First Nudie Musical
27%
Film Director TBA The Fixer
27%
Film Production TBA The Fixer
27%
TV Show Acting Role 1980 The Fonz and the Happy Days Gang
27%
TV Show Acting Role 1964 The Fugitive
27%
Film Production 2014 The Good Lie
27%
TV Show Acting Role 1964 The Great Adventure
27%
TV Show Acting Role 1970 The Headmaster
27%
Film Cameo 2000 The Independent
27%
Film Cameo 1959 The Journey
27%
TV Film Production 1986 The Lone-Star Kid
27%
Documentary Production 2024 The Lost Children
27%
Documentary Director 1992 The Magical World of Chuck Jones
27%
Documentary Appearance 1992 The Magical World of Chuck Jones
27%
TV Show Acting Role 1959 The Many Loves of Dobie Gillis
27%
TV Film Starring Role 1974 The Migrants
27%
TV Show Acting Role 1967 The Monroes
27%
Film Cameo 1962 The Music Man
27%
TV Show Acting Role 1962 The New Breed
27%
TV Show Acting Role 2016 The Odd Couple
27%
TV Show Production 1999-2001 The PJs
27%
Film Starring Role 1976 The Shootist
27%
Film Director TBA The Shrinking of Treehorn
27%
Film Production TBA The Shrinking of Treehorn
27%
TV Show Acting Role 1998, 1999 The Simpsons
27%
Film Production 2023 The Slumber Party
27%
TV Show Acting Role 1971-1972 The Smith Family
27%
TV Film Production 2003 The Snobs
27%
Film Starring Role 1974 The Spikes Gang
27%
Documentary Mini-Series Production 2023 The Super Models
27%
TV Film Director 1981 The Time Crystal
27%
TV Film Production 1981 The Time Crystal
27%
TV Show Production 2022 The Tiny Chef Show
27%
Documentary Mini-Series Production 2024 The Truth About Jim
27%
Documentary Production 2022 The Volcano: Rescue from Whakaari
27%
TV Show Acting Role 1974 The Waltons
27%
Film Starring Role 1970 The Wild Country
27%
Film Production 2021 tick, tick... BOOM!
27%
TV Mini-Series Production 2022 Under the Banner of Heaven
27%
TV Documentary Production 2014 Unsung Heroes
27%
Film Production 1988 Vibes
27%
Film Cameo 1965 Village of the Giants
27%
Film Production 2022 Wedding Season
27%
Documentary Director 2022 We Feed People
27%
Documentary Production 2022 We Feed People
27%
Documentary Appearance 2000 Welcome to Hollywood
27%
Short Film Director 2011 When You Find Me
27%
TV Film Cameo 1983 When Your Lover Leaves
27%
TV Film Production 1983 When Your Lover Leaves
27%
Documentary Production 2021 Who Are You, Charlie Brown?
27%
Web Series Production 2024 Wild Life
27%
TV Show Production 2000 Wonderland
27%
Documentary Series Production 2025 Fight for Glory: 2024 World Series
18%
TV Film Director 1983 Little Shots
18%
TV Film Production 1983 Little Shots
18%
TV Film Production 1981 Skyward Christmas
18%
TV Film Starring Role 1970 Smoke
18%
Documentary Series Production 2021 We Are: The Brooklyn Saints
18%
Documentary Series Production 2022 Web of Make Believe: Death, Lies and the Internet
18%
Documentary Mini-Series Production 2022 Crime Scene: The Texas Killing Fields
9%
Film Production 2017 American Made
0%
Podcast Creator 2023 Employees Only
0%
Documentary Appearance 2022 Hans Zimmer: Hollywood Rebel
0%
TV Film Production 1988 Poision
0%
Web Series Production 2025 The Gringo Hunters
0%
No matching quizzes found
Score Distribution
Percent of People with Each Score
Percentile by Number Answered
Your Score History
You have not taken this quiz since the last reset